000 00528nam a2200169Ia 4500
999 _c22689
_d22689
003 OSt
005 20200519092203.0
008 190216s9999||||xx |||||||||||||| ||und||
020 _a8174351310
040 _coclc
082 _a297.1
_bKAT/Q
100 _aKathir, Imam Abi Al Fidaa Isma'il bin
_92401
245 0 _aQisaasul Anbiyaa /
_cImam Abi Al Fidaa Isma'il bin Kathir
260 _bAdam Publishers&Distributors,
_aNew Delhi:
_c2005.
300 _a419p
942 _cBK
_2ddc
_h297.1
_iKAT/Q
_k297.1
_mKAT/Q